WWI And WWII Trivia - Statistics

General Stats
  • This quiz has been taken 160 times
  • The average score is 6 of 12
Answer Stats
Hint Answer % Correct
What country bombed pearl harbor? Japan
93%
leader of the russian revolution, 1917 Lenin
91%
Who created fascism Mussolini
80%
What was the bombing of london called? The Blitz
77%
Leader of the german empire and abdicated near the end of WWI Wilhelm II
69%
the man who shot franz ferdinand in sarajevo Princip
36%
Who won the election for german president by beating hitler Hindenburg
31%
What action did Germany make to influence the UK to join WWI? Invade Belgium
27%
What was the japanese puppet state in china called? Manchukuo
21%
What was the plan to invade france at lightning speed, knock out the UK in the process and turn on russia called The schlieffen plan
17%
Who was Hitler's Best general? Manstein
7%
Who Killed hitler's children? Hitler's wife
2%
No matching quizzes found
Score Distribution
Percent of People with Each Score
Percentile by Number Answered
Your Score History
You have not taken this quiz